Conveni col·lectiu d'empresa per al personal docent de l'Escola Superior d'Agricultura de Barcelona corresponent als anys 1995/1997
Descripción Física:
28 p. ; 21 cm
MARC
| LEADER | 00000nam a2200000Ia 4500 | ||
|---|---|---|---|
| 001 | 16815 | ||
| 008 | 160829s9999 xx 000 0 cat d | ||
| 080 | |a FU-45-55 | ||
| 245 | |a Conveni col·lectiu d'empresa per al personal docent de l'Escola Superior d'Agricultura de Barcelona corresponent als anys 1995/1997 | ||
| 260 | |a [Barcelona] : |b Escola Superior d'Agricultura de Barcelona, [199?] | ||
| 300 | |a 28 p. ; |c 21 cm | ||
| 590 | |a A la part superior de la portada: Escola Universitària d'Enginyeria Tècnica Agrícola Adscrita a la U.P.C | ||
| 650 | |a Convenis col·lectius de treball |x Barcelona |9 27547 | ||
| 650 | |a Escola Superior d'Agricultura de Barcelona | ||
| 710 | 2 | |a Escola Superior d'Agricultura de Barcelona |9 70055 | |
| 901 | |a Arxiu | ||
| 942 | |n 1 | ||
| 952 | |0 0 |1 0 |4 0 |6 FU4555 |7 1 |9 44434 |a Arxiu |b Arxiu |d 2016-12-01 |l 0 |o FU-45-55 |p 16815 |r 2016-12-01 00:00:00 |w 2016-12-01 |y ARXIU | ||
| 999 | |c 47015 |d 47015 | ||